Orthographes délirantes acceptées par JetPunk : Villes Françaises - Statistiques

Statistiques générales
  • Ce quiz a été pris 2 179 fois
  • Le résultat moyen est 13 sur 18
Statistiques - réponses
Indice Réponse % Correct
Tuluuuuuse Toulouse
95%
Ane Scie Annecy
93%
Ruoan Rouen
93%
Bardax Bordeaux
92%
Khreteil Créteil
92%
Enguolesme Angoulême
87%
Kolmer Colmar
87%
Strusberi Strasbourg
87%
Kenper Quimper
83%
Mens Le Mans
78%
Ceyene Cayenne
67%
Allan Son Alençon
65%
Santbriug Saint-Brieuc
56%
Curgie Cergy
55%
Basatere Basse-Terre
52%
Tula Tulle
35%
Garait Gueret
23%
Orlac Aurillac
22%
Aucun quiz correspondant
Distribution des résultats
% des personnes avec chaque résultat
Percentile par nombre de réponses
Votre historique - résultats
Vous n’avez pas pris ce quiz